[Event "POL-chT 2 Liga 2019"]
[Site "Poronin"]
[Date "2019.09.09"]
[Round "3.17"]
[White "Pulik, Krzysztof"]
[Black "Szczepanek, Radoslaw"]
[Result "1/2-1/2"]
[WhiteElo "2131"]
[BlackElo "2195"]
[Annotator "TA"]
[PlyCount "109"]
[EventDate "2019.09.07"]
[EventType "team-tourn"]
[EventCountry "POL"]
[SourceTitle "playchess.com"]
[Source "ChessBase"]
[SourceQuality "1"]

{[%evp 9,109,-15,-15,-21,-22,-15,-14,-23,0,0,-4,0,0,0,0,-15,-6,-27,-30,-37,-17,-54,-53,-58,-47,-53,-49,-87,-90,-76,-45,-43,-32,-38,-33,-43,59,0,0,-3,-2,-2,82,75,88,65,73,0,23,16,45,0,0,0,0,0,0,0,0,0,0,0,0,0,0,0,0,0,0,-90,0,0,7,7,6,7,6,8,8,8,1,6,6,8,6,0,0,0,0,0,0,0,0,0,0,0,0,0,0,0,0,0]} 1. e4 e5 2. Nf3 Nf6 3. d4 Nxe4 4. dxe5 Bc5 (4... d5 5. Nbd2 Qd7 6. Nb3 Be7 7. Bd3 c5 8. c4 dxc4 9. Bxe4 Qxd1+ 10. Kxd1 cxb3 11. axb3 Nc6 12. Bxc6+ bxc6 13. Be3 Be6 14. Ke2 {½-½ (14) Ganguly,S (2621)-Wei,Y (2728) Makati 2018}) 5. Be3 Bxe3 6. fxe3 {C43: Petroff Defence: 3 d4} d5 7. exd6 Nxd6 8. Nc3 O-O 9. Qd2 $146 ({Predecessor:} 9. Bd3 Bg4 10. O-O Nc6 11. e4 Re8 12. h3 {½-½ (60) Da Cunha,J (1556)-Ferreira,M Rio de Janeiro 2018}) 9... Nc6 10. O-O-O Re8 11. e4 f6 12. Qf4 Ne5 13. Bd3 c6 14. h3 Qe7 15. Kb1 Ndf7 16. Nd4 Be6 17. Nf5 Qb4 18. g4 Rad8 19. h4 Bxf5 20. gxf5 Nd6 21. a3 Qc5 22. Rhg1 Ndc4 {[#]} ({Black should try} 22... Kh8 $15) 23. Bxc4+ (23. Qg3 $1 $14 {[%mdl 512]} Qe7 24. Ne2) 23... Qxc4 $11 24. Rxd8 Rxd8 25. h5 Kh8 (25... Qc5 $11 26. Ne2 h6 $1 {[%mdl 512]}) 26. h6 $16 gxh6 27. Qxh6 {[%cal Rh6f6]} Qf7 28. b3 (28. Qe3 $16) 28... Rg8 29. Rd1 Qf8 30. Qh4 (30. Qc1 {is interesting.} Qe7 31. Ne2 Nf7 32. Nf4 Qxe4 33. Rd7) 30... Rg4 31. Qf2 Qxa3 32. Ne2 Qe7 33. Nf4 Rg8 34. Qxa7 Nf7 35. Ne6 Ng5 36. Nxg5 Rxg5 $11 {[%mdl 4096] Endgame KQR-KQR} 37. Qb8+ Rg8 38. Qf4 Re8 39. Re1 {[#]} (39. Qh4 $11) 39... Qe5 (39... Ra8 $1 $17 {( -> ...Qa3)} 40. Qg3 {[#]} Qa3 $1 {[%mdl 512]}) 40. Qxe5 {The position is equal.} Rxe5 {KR-KR} 41. Kc1 Re7 42. Kd2 h5 43. Ke3 Kh7 44. Rd1 Kh6 45. Kf3 Rg7 46. Rd6 Kg5 47. Rd8 Kh4 48. Rf8 Rg3+ 49. Kf4 Rg4+ 50. Kf3 Rg3+ $1 51. Ke2 Rg4 $1 52. Ke3 Kg5 53. Rg8+ Kh6 $1 54. Rh8+ Kg5 55. Rg8+ {Accuracy: White = 51%, Black = 59%.} 1/2-1/2

[Event "POL-chT 2 Liga 2019"]
[Site "Poronin"]
[Date "2019.09.09"]
[Round "3.18"]
[White "Suchanek, Paulina"]
[Black "Lukasiewicz, Anna"]
[Result "1/2-1/2"]
[WhiteElo "1574"]
[BlackElo "2075"]
[Annotator "NA RC"]
[PlyCount "87"]
[EventDate "2019.09.07"]
[EventType "team-tourn"]
[EventCountry "POL"]
[SourceTitle "playchess.com"]
[Source "ChessBase"]
[SourceQuality "1"]
[TimeControl "40/5400+30:1800+30"]

1. d4 {[%emt 0:00:00]} d5 {[%emt 0:00:00]} 2. c4 {[%emt 0:00:00]} e6 {[%emt 0:00:15]} 3. Nc3 {[%emt 0:00:16]} Be7 {[%emt 0:00:52]} 4. Nf3 {[%emt 0:01:00]} Nf6 {[%emt 0:00:18]} 5. Bg5 {[%emt 0:01:20]} h6 {[%emt 0:02:43]} 6. Bh4 {[%emt 0:01:01]} O-O {[%emt 0:00:57]} 7. e3 {[%emt 0:01:58]} b6 {[%emt 0:00:33]} 8. Bd3 {[%emt 0:02:21]} dxc4 {[%emt 0:04:24]} 9. Bxc4 {[%emt 0:00:29]} Bb7 {[%emt 0:00:19]} 10. O-O {[%emt 0:03:56]} Nbd7 {[%emt 0:01:42]} 11. Qe2 {[%emt 0:12:06]} Ne4 {[%emt 0:03:57]} 12. Bxe7 {[%emt 0:04:27]} Qxe7 {[%emt 0:00:22]} 13. Nxe4 {[%emt 0:03:53]} Bxe4 {[%emt 0:00:06]} 14. Nd2 {[%emt 0:00:32]} Bb7 {[%emt 0:01:00]} 15. Rac1 {[%emt 0:09:16]} c5 {[%emt 0:05:20]} 16. Nb3 {[%emt 0:09:59]} cxd4 {[%emt 0:04:18]} 17. Nxd4 {[%emt 0:03:03]} Nc5 {[%emt 0:06:19]} 18. Rfd1 {[%emt 0:12:13]} a6 {[%emt 0:05:21]} 19. Nb3 {[%emt 0:05:41]} Ne4 {[%emt 0:13:26]} 20. f3 {[%emt 0:01:07]} Nd6 {[%emt 0:02:33]} 21. Bd3 {[%emt 0:03:51]} e5 {[%emt 0:05:06]} 22. Bb1 {[%emt 0:02:02]} e4 {[%emt 0:04:42]} 23. f4 {[%emt 0:00:12]} Rac8 {[%emt 0:02:18]} 24. Nd4 {[%emt 0:02:47]} b5 {[%emt 0:03:15]} 25. b3 {[%emt 0:00:34]} Rc7 {[%emt 0:04:59]} 26. Qd2 {[%emt 0:03:16]} Rfc8 {[%emt 0:02:56]} 27. g3 {[%emt 0:03:24]} Rxc1 {[%emt 0:10:18]} 28. Rxc1 {[%emt 0:00:07]} Qd8 {[%emt 0:02:28]} 29. Rxc8 {[%emt 0:01:29]} Qxc8 {[%emt 0:00:11]} 30. Qc2 {[%emt 0:03:26]} Qd8 {[%emt 0:02:59]} 31. Kf2 {[%emt 0:02:33]} Qb6 {[%emt 0:00:25]} 32. Qd2 {[%emt 0:01:06]} b4 {[%emt 0:00:56]} 33. Bc2 {[%emt 0:01:17]} a5 {[%emt 0:03:06]} 34. Bd1 {[%emt 0:01:17]} Ne8 {[%emt 0:04:04]} 35. h3 {[%emt 0:02:11]} Nf6 {[%emt 0:00:31]} 36. Be2 {[%emt 0:01:36]} Nd5 {[%emt 0:00:25]} 37. Bc4 {[%emt 0:00:22]} Nc3 {[%emt 0:00:13]} 38. Ne2 {[%emt 0:01:17]} Nxe2 {[%emt 0:01:23]} 39. Bxe2 {[%emt 0:00:14]} Bc8 {[%emt 0:01:30]} 40. g4 {[%emt 0:00:00]} Qc7 {[%emt 0:00:00]} 41. Qd5 {[%emt 0:16:27]} Bb7 {[%emt 0:03:39]} 42. Qc4 {[%emt 0:03:31]} Qe7 {[%emt 0:01:41]} 43. Qb5 {[%emt 0:02:59]} g6 {[%emt 0:17:05]} 44. Qxa5 {[%emt 0:01:05]} 1/2-1/2

[Event "POL-chT 2 Liga 2019"]
[Site "Poronin"]
[Date "2019.09.09"]
[Round "3.19"]
[White "Miroslaw, Michal"]
[Black "Oglaza, Oskar"]
[Result "1/2-1/2"]
[WhiteElo "2284"]
[BlackElo "2351"]
[Annotator "TA"]
[PlyCount "101"]
[EventDate "2019.09.07"]
[EventType "team-tourn"]
[EventCountry "POL"]
[SourceTitle "playchess.com"]
[Source "ChessBase"]
[SourceQuality "1"]

{[%evp 14,101,31,27,33,20,26,15,39,33,33,33,43,22,22,23,24,25,48,-20,-18,-33,4,0,16,16,16,16,16,16,30,16,43,-81,43,35,35,42,41,39,42,42,48,30,47,0,30,13,31,0,0,0,0,0,33,0,0,0,0,0,0,0,0,0,0,0,0,0,0,0,0,0,0,0,0,0,0,0,0,0,0,0,0,0,0,0,0,0,0,0]} 1. e4 c5 2. Nf3 e6 3. d4 cxd4 4. Nxd4 Nc6 5. Nc3 Qc7 6. Be3 a6 7. a3 Nf6 8. f4 d5 {B48: Sicilian: Taimanov: 5 Nc3 Qc7 6 Be3 a6 without Be2} 9. e5 Nd7 10. Qd2 (10. h4 Bc5 11. Qd2 Nxd4 12. Bxd4 b5 13. h5 O-O 14. Bxc5 Qxc5 15. h6 g6 16. Ne2 {½-½ (58) Paravyan,D (2605)-Alekseev,E (2645) Yaroslavl 2019}) 10... g6 11. Be2 b5 12. O-O Bb7 13. Nxc6 Qxc6 14. Bf3 $146 ({Predecessor:} 14. Bd3 Nb6 15. b3 b4 16. Ne2 bxa3 {1-0 (33) Sinprayoon,P-Fernandez,A Valetta 1980}) 14... Rc8 15. Qf2 Bc5 16. Bxc5 ({Better is} 16. Ne2 $14) 16... Qxc5 $11 17. Rfc1 Nb6 18. Ne2 Na4 19. Qxc5 Rxc5 20. Rab1 Ke7 21. c3 Rhc8 22. Nd4 Rc4 {Black wants to play ...Nxb2!} 23. g3 {[#]} (23. Rd1 $14 {stays ahead.}) 23... h6 ({Black should try} 23... Nxb2 $1 $17 {Hoping for ...Nd3.} 24. Be2 Ra4 25. Nxb5 (25. Rxb2 Rxd4 26. cxd4 Rxc1+ 27. Kf2 Bc6 $17) 25... axb5 26. Rxb2 Rxa3 27. Bxb5 Rcxc3 28. Rxc3 Rxc3) 24. Re1 R4c7 25. g4 Rd8 26. Kf2 Bc8 27. h4 Nb6 28. Be2 Rg8 29. g5 h5 30. Ke3 Bd7 31. Kd2 Rb8 32. b3 Nc8 33. Rec1 Na7 34. b4 Nc8 {The position is equal.} 35. a4 bxa4 36. Bxa6 Nb6 37. Ra1 Nc4+ 38. Bxc4 Rxc4 39. Ke3 Kd8 40. Rc2 Kc7 41. Ra3 Kb6 42. Rc1 Rbc8 43. Kd2 Bb5 44. Rc2 Bd7 45. Rc1 Rb8 46. Ke3 Kc7 {next ...Rbxb4! is good for Black.} 47. Rc2 Kd8 48. Ra1 Kc7 49. Ra3 Kb6 50. Rc1 Rbc8 51. Kd2 {Accuracy: White = 52%, Black = 57%.} 1/2-1/2

[Event "POL-chT 2 Liga 2019"]
[Site "Poronin"]
[Date "2019.09.09"]
[Round "3.20"]
[White "Pacan-Milej, Kosma"]
[Black "Pyda, Zbigniew"]
[Result "1-0"]
[WhiteElo "2287"]
[BlackElo "2322"]
[Annotator "TA"]
[PlyCount "67"]
[EventDate "2019.09.07"]
[EventType "team-tourn"]
[EventCountry "POL"]
[SourceTitle "playchess.com"]
[Source "ChessBase"]
[SourceQuality "1"]

{[%evp 9,67,13,11,12,25,8,15,16,12,16,12,12,25,8,16,0,33,36,44,31,43,41,71,16,18,2,29,57,53,30,95,52,58,54,149,115,196,194,313,314,297,294,277,210,231,246,242,246,241,216,386,391,561,539,743,743,5397,5389,29996,29997]} 1. d4 d5 2. c4 e6 3. Nc3 Be7 4. cxd5 exd5 5. Bf4 c6 6. Qc2 {D31: Queen's Gambit Declined: Semi-Slav without ...Nf6 (+ Marshall Gambit and Noteboom) and Exchange Variation lines without ...Nf6} (6. e3 Bf5 7. g4 Be6 8. h3 Nd7 9. Bd3 h5 10. gxh5 Ndf6 11. h6 Nxh6 12. Qc2 Qd7 13. Nf3 Bf5 14. Ne5 Bxd3 15. Nxd3 Nh5 16. Bh2 Qxh3 {½-½ (32) Radjabov,T (2757)-Giri,A (2783) Wijk aan Zee 2019}) 6... Nf6 7. h3 g6 8. e3 {The position is equal.} Bf5 9. Qd2 Nbd7 10. Nge2 O-O 11. Ng3 Be6 12. Bd3 Re8 13. O-O $146 ({Predecessor:} 13. Nge2 Nb6 14. Qc2 Rc8 15. O-O Nh5 16. Bh2 Bd6 17. Bxd6 Qxd6 {1-0 (65) Aravindh,C (2597)-Saurabh,A (2294) Kolkata 2018}) 13... Bf8 14. f3 Bg7 15. Rad1 b5 16. a3 (16. e4 $16) 16... a5 17. e4 {Black should prevent e5.} dxe4 18. fxe4 Bb3 19. Rde1 b4 (19... Nb6 $11) 20. axb4 axb4 21. Nce2 {[%cal Bc3e2,Be2c1,Bc1d3][%mdl 32]} Qa5 ({Better is} 21... c5 $14) 22. Bh6 Bh8 (22... Qb6 $16 {was worth a try.}) 23. e5 $18 Nd5 (23... Nxe5 $142 24. dxe5 Nd7) 24. Nc1 Ba4 25. Qf2 {[%csl Gf1][%cal Rf2f7] [#]} f6 26. h4 Bb5 27. h5 $40 {[%mdl 128] White wants a kill.} Qa7 28. Bxb5 ({Don't take} 28. hxg6 $6 Bxd3 29. Nxd3 hxg6 $16) 28... cxb5 29. Nd3 Nf8 $2 (29... Re7 30. Ne4 fxe5) 30. Ne4 {[%cal Re5f6]} fxe5 (30... f5 $142 31. hxg6 hxg6) 31. Nd6 $1 {[%csl LRb5,LRe5,LRe8]} Red8 32. Nxe5 Bxe5 33. Rxe5 {White wants to mate with Re8!} Nb6 {[#]} 34. Ne8 $1 {[%mdl 576] Back Rank. Accuracy: White = 69%, Black = 16%.} 1-0

[Event "POL-chT 2 Liga 2019"]
[Site "Poronin"]
[Date "2019.09.09"]
[Round "3.21"]
[White "Maka, Marcin"]
[Black "Licznerski, Lukasz"]
[Result "0-1"]
[WhiteElo "2108"]
[BlackElo "2356"]
[Annotator "TA"]
[PlyCount "54"]
[EventDate "2019.09.07"]
[EventType "team-tourn"]
[EventCountry "POL"]
[SourceTitle "playchess.com"]
[Source "ChessBase"]
[SourceQuality "1"]

{[%evp 15,54,18,33,16,8,3,16,0,0,-83,-102,-205,-206,-516,-517,-512,-247,-213,-169,-174,-129,-558,-551,-751,-744,-778,-766,-29994,-942,-1996,-1993,-1951,-1935,-29968,-29969,-29969,-29970,-29971,-29972,-29986,-11856]} 1. d4 Nf6 2. c4 g6 3. Nc3 {[%cal Bb1c3,Bc3a4,Ba4c5][%mdl 32]} d5 4. cxd5 Nxd5 5. Na4 Bg7 6. e4 Nb6 7. Nf3 O-O 8. Be3 Nc6 9. Nc5 {D85: Exchange Grünfeld: Unusual White 7th moves and lines with 7 Nf3} (9. Bb5 Bg4 10. Bxc6 bxc6 11. Nc5 Nc4 12. Qc2 Nxe3 13. fxe3 Bxf3 14. gxf3 e5 15. dxe5 Bxe5 16. Nd3 Bg7 {0-1 (37) Xiong,J (2672)-Salem,A (2672) chess.com INT 2019}) 9... Bg4 10. Nxb7 Qb8 11. Nc5 {The position is equal.} Rd8 12. d5 {[#]} (12. Na6 $11 {keeps the balance.} Qb7 13. Nc5) 12... e6 $146 {[%cal Re6d5]} ({Predecessor:} 12... Ne5 13. Nxe5 Bxd1 14. Nc6 Bh5 15. Rb1 Nxd5 16. Nxb8 Nxe3 17. fxe3 Raxb8 {0-1 (25) Gaboyan,S (2114)-Hakemi,A (2245) Khomein 2018}) 13. Bb5 (13. Qc2 $17 exd5 14. Na6) 13... Nxd5 $1 $19 {[%mdl 64] Discovered Attack} 14. Qa4 $2 (14. exd5 Qxb5 15. Qa4 Qb4+ 16. Qxb4 Nxb4 17. Rd1) 14... Nxe3 15. fxe3 Bxb2 (15... a6 $142 16. Be2 (16. Bxc6 $2 Qxb2 17. O-O Bxf3 $19) 16... Qxb2) 16. Rb1 Qb6 17. Rxb2 {aiming for Qc2.} Qxc5 18. O-O $2 {[%mdl 8192]} (18. Kf2 $17 Rab8 19. Rc2 Qxb5 20. Qxb5 Rxb5 21. Rxc6) 18... Rab8 19. Rc2 Qxe3+ (19... Qxb5 $2 20. Qxb5 Rxb5 21. Rxc6 $17) 20. Kh1 Bxf3 21. Bxc6 Bd1 (21... Rd2 $142 22. Rxd2 Qxd2 23. Qc2 Qxc2 24. gxf3 Rb2 25. Rf2 Qxf2 {[%mdl 64] Double Attack} 26. h3 Qh2#) 22. Qc4 Bxc2 23. Qxc2 Rd2 24. Qc1 Rbb2 {Black mates.} 25. e5 Rbc2 26. Qb1 Rxc6 27. Qb8+ {[#]} Kg7 $1 {Accuracy: White = 16%, Black = 68%.} 0-1

[Event "POL-chT 2 Liga 2019"]
[Site "Poronin"]
[Date "2019.09.09"]
[Round "3.22"]
[White "Punin, Andrii"]
[Black "Polkowski, Piotr"]
[Result "1/2-1/2"]
[WhiteElo "2325"]
[BlackElo "2109"]
[Annotator "TA"]
[PlyCount "108"]
[EventDate "2019.09.07"]
[EventType "team-tourn"]
[EventCountry "POL"]
[SourceTitle "playchess.com"]
[Source "ChessBase"]
[SourceQuality "1"]

{[%evp 9,108,-8,24,16,39,32,36,14,47,29,39,17,20,0,34,49,37,39,35,38,43,35,46,43,55,48,56,0,45,41,76,70,78,76,75,69,83,65,56,51,52,31,51,22,54,43,53,52,51,0,58,51,60,52,52,50,59,-53,59,59,59,44,60,8,8,8,59,9,9,0,0,0,0,0,0,0,0,0,14,11,45,0,0,0,2,-18,-18,-16,0,0,0,0,163,-29994,29991,29992,29992,0,0,0,0]} 1. e4 e5 2. Nf3 Nc6 3. d4 exd4 4. Nxd4 Bc5 5. Nb3 Be7 (5... Bb6 {feels hotter.} 6. Nc3 Nf6 7. Bd3 d6 8. O-O Ne5) 6. Nc3 {C45: Scotch Game} d6 (6... Nf6 7. Be2 Bb4 8. O-O Bxc3 9. bxc3 O-O 10. f3 d5 11. Bg5 dxe4 12. Qxd8 Nxd8 13. Bxf6 gxf6 14. fxe4 {1-0 (33) Bernadskiy,V (2543)-Sheng,J (2375) Paleochora 2017}) 7. Be3 Nf6 8. f3 {White is slightly better.} Be6 9. Bb5 $146 ({Predecessor:} 9. g4 h6 10. Bb5 a6 11. Bxc6+ bxc6 12. Qd2 c5 13. O-O-O a5 {1-0 (50) Luz,A (2154)-Machado,A (1656) Sao Paulo 2017}) 9... O-O 10. Bxc6 bxc6 11. Nd4 c5 (11... Bd7 {seems wilder.} 12. O-O c5 13. Nde2 a5 14. Ng3 a4) 12. Nc6 Qe8 13. Nxe7+ Qxe7 14. O-O h6 15. b3 Rfe8 16. Re1 Bd7 17. Qd3 a6 18. Ne2 (18. Bf4 $14) 18... Bb5 19. c4 Bd7 20. Bd2 Bc6 21. Ba5 Rac8 22. Ng3 Nd7 23. Nf5 Qf8 24. Bd2 Ne5 25. Qe3 f6 26. Kh1 Ng6 27. g4 Qf7 28. Re2 Ne5 29. h4 (29. Rg1 $14) 29... Kf8 (29... h5 $11) 30. Bc3 Re6 31. h5 Rce8 {Threatens to win with ...Nxg4!} 32. Ng3 Qd7 33. Kg2 (33. Rf1 $14) 33... Qc8 (33... Nxg4 $1 $15 34. Qf4 (34. fxg4 $2 Rxe4 35. Nxe4 Rxe4 $19 {[%mdl 64] Double Attack}) 34... Ne5) 34. Kh3 Qb7 35. Rae1 Nf7 36. f4 (36. Kg2 $14) 36... R6e7 37. Qd3 Kg8 (37... Qa8 $11) 38. Kh4 (38. Bxf6 $5 gxf6 39. e5 $1 {[%mdl 512]} Rxe5 40. Rxe5 (40. Qg6+ Kf8 $11) 40... Rxe5 41. Qg6+ Kf8 42. fxe5 Ng5+ 43. Kh4 Nf3+ {[%mdl 64] Double Attack} 44. Kh3 Ng5+ 45. Kh4 Nf3+ {[%mdl 64] Double Attack} 46. Kh3 Ng5+ $11) 38... Qa8 39. Bxf6 gxf6 {[#]} 40. e5 $1 {[%mdl 512] [#]} Nxe5 $1 (40... dxe5 41. Qg6+) 41. fxe5 fxe5 42. Rf2 {aiming for Qg6+.} Qd8 43. Kh3 e4 44. Qe3 {Hoping for Nf5.} Re6 45. Rf5 Rf6 46. Ref1 Ref8 47. Nxe4 Rxf5 48. gxf5 Bxe4 49. Qxe4 $11 {[%mdl 4096] Endgame KQR-KQR} Qg5 50. Qe6+ Kg7 $2 {[#]} (50... Kh8 $11 {and Black stays safe.} 51. Qg6 Rg8 52. Qxg5 Rxg5) 51. Qe3 $4 {[%mdl 8192]} (51. f6+ $1 $18 {[%mdl 512]} Kh8 (51... Rxf6 52. Qe7+) 52. Qg4) 51... Qd8 $4 {[%mdl 8192]} (51... Qxe3+ {avoids the disaster.} 52. Kh2 Qe2+ $1 {[%mdl 576] Double Attack} 53. Kh3 Qxf1+ {[%mdl 64] Double Attack} 54. Kh4 Rxf5 55. Kg4 Qf3+ 56. Kh4 Rxh5#) 52. Rg1+ Kh7 53. Qe4 $2 (53. Rg6 {mates} Qg5 54. Rxg5 hxg5 {[#]} 55. Qe7+ $1 {[%mdl 576] Double Attack} Kg8 56. f6 g4+ 57. Kxg4 Rxf6 58. Qxf6 c6 59. h6 Kh7 60. Qg7#) 53... Qf6 54. Rg6 Qxf5+ {Accuracy: White = 48%, Black = 31%.} 1/2-1/2

[Event "POL-chT 2 Liga 2019"]
[Site "Poronin"]
[Date "2019.09.09"]
[Round "3.23"]
[White "Grochowski, Kosma"]
[Black "Kowalczyk, Pawel"]
[Result "0-1"]
[WhiteElo "1903"]
[BlackElo "2294"]
[Annotator "TA"]
[PlyCount "90"]
[EventDate "2019.09.07"]
[EventType "team-tourn"]
[EventCountry "POL"]
[SourceTitle "playchess.com"]
[Source "ChessBase"]
[SourceQuality "1"]

{[%evp 19,90,37,35,0,0,-26,-18,-83,-33,-105,-99,-91,-83,-72,-83,-83,-80,-85,-28,-43,-42,-30,-33,-27,-26,-54,-56,-46,-8,-8,-4,-6,-9,-156,-149,-150,-133,-137,-128,-164,-163,-166,-147,-155,-85,-135,-142,-132,-127,-953,-953,-937,-937,-1164,-1152,-1197,-1154,-1328,-1315,-1239,-1171,-4838,-4831,-29983,-29984,-29985,-29986,-29984,-29985,-29989,-29990,-29989,-29990]} 1. e4 d5 2. exd5 Nf6 3. Bb5+ Bd7 4. Be2 Nxd5 5. d4 Bf5 6. a3 e6 7. c4 Nb6 8. Nc3 Be7 9. Nf3 O-O 10. O-O Nc6 11. Bf4 {B01: Scandinavian Defence} Bf6 {[%cal Rf6d4]} 12. Nb5 Rc8 {[%cal Ba8c8,Bc8c7,Bc7d7,Bd7d4][%mdl 32]} 13. Qb3 (13. Be3 $11) 13... g5 $146 (13... Nxd4 14. Nfxd4 Bxd4 15. Rad1 $16) (13... Bxd4 14. Rad1 $16) ({Predecessor:} 13... a6 14. Nxc7 Nxd4 15. Nxd4 Qxd4 16. Be3 Qxb2 17. Qxb2 Bxb2 18. Bxb6 Be5 {½-½ (41) Ljubicic,F (2360)-Loncar,R (2455) Zadar 1996}) 14. Bg3 ({White should play} 14. Nxg5 $15 a6 15. Qg3) 14... a6 $1 $17 {[%cal Ra6b5]} (14... Nxd4 15. Nfxd4 Bxd4 16. Rad1 $16) ({Not} 14... Bxd4 $2 15. Rad1 $18) 15. Nxc7 {[%mdl 64] Remove Defender} Rxc7 16. Qxb6 Rd7 17. Qxd8 Rfxd8 18. Be5 {[#]} Be7 ({Black should try} 18... Bxe5 $1 $17 19. Nxe5 Nxd4) 19. h3 $11 f6 20. Bg3 {next d5! is good for White.} Nxd4 21. Nxd4 Rxd4 22. Bc7 R8d7 23. Ba5 e5 24. Bc3 Re4 $36 {[%mdl 2048] Black is more active.} 25. Rfe1 Bc5 26. Bg4 (26. b4 $1 $11 Bd4 27. Bxd4 Rexd4 28. c5) 26... Rf4 $17 27. Bxf5 Bxf2+ ({Resist} 27... Rxf5 28. Re2 $15) 28. Kh2 Rxf5 29. Red1 Rc7 30. Rd8+ Kf7 31. Rad1 e4 ({And not} 31... Rxc4 32. R1d7+ Ke6 33. Rd6+ Kf7 34. g4 $11) (31... Rf4 $142 32. b3 g4) 32. R8d7+ Rxd7 33. Rxd7+ {[%mdl 4096] Endgame [#] KRB-KRB} Ke6 $1 {[%cal Re6d7]} 34. Rd4 $2 {[%mdl 8192]} (34. Rxb7 $17 Bc5 35. Rxh7) 34... Bxd4 $19 35. Bxd4 {KR-KB} Rf1 36. g4 Rd1 37. Bc3 f5 38. gxf5+ Kxf5 39. Kg2 h5 40. c5 g4 41. a4 e3 {Black mates.} 42. b4 gxh3+ 43. Kxh3 e2 44. b5 Rd3+ 45. Kg2 Rxc3 {Accuracy: White = 30%, Black = 69%.} 0-1

[Event "POL-chT 2 Liga 2019"]
[Site "Poronin"]
[Date "2019.09.09"]
[Round "3.24"]
[White "Starosta, Martyna"]
[Black "Fraczek, Weronika"]
[Result "1-0"]
[WhiteElo "1814"]
[BlackElo "1875"]
[Annotator "NA RC"]
[PlyCount "115"]
[EventDate "2019.09.07"]
[EventType "team-tourn"]
[EventCountry "POL"]
[SourceTitle "playchess.com"]
[Source "ChessBase"]
[SourceQuality "1"]
[TimeControl "40/5400+30:1800+30"]

1. e4 {[%emt 0:00:00]} e5 {[%emt 0:00:00]} 2. Nf3 {[%emt 0:00:00]} Nc6 {[%emt 0:00:00]} 3. Bb5 {[%emt 0:00:00]} a6 {[%emt 0:00:00]} 4. Ba4 {[%emt 0:00:00]} g6 {[%emt 0:00:00]} 5. d4 {[%emt 0:00:19]} exd4 {[%emt 0:00:00]} 6. Bg5 {[%emt 0:00:56]} Be7 {[%emt 0:00:11]} 7. Bxe7 {[%emt 0:01:12]} Ngxe7 {[%emt 0:00:13]} 8. O-O {[%emt 0:01:22]} O-O {[%emt 0:00:57]} 9. Nxd4 {[%emt 0:00:45]} b5 {[%emt 0:00:46]} 10. Nxc6 {[%emt 0:04:47]} Nxc6 {[%emt 0:01:01]} 11. Bb3 {[%emt 0:00:14]} Na5 {[%emt 0:06:38]} 12. Nc3 {[%emt 0:03:42]} Bb7 {[%emt 0:03:39]} 13. f4 {[%emt 0:03:47]} Nxb3 {[%emt 0:01:34]} 14. axb3 {[%emt 0:00:39]} f5 {[%emt 0:16:10]} 15. e5 {[%emt 0:02:48]} Qe7 {[%emt 0:02:45]} 16. Qd4 {[%emt 0:03:10]} c5 {[%emt 0:10:55]} 17. Qd2 {[%emt 0:03:15]} Qe6 {[%emt 0:08:05]} 18. Rad1 {[%emt 0:02:19]} Rad8 {[%emt 0:10:00]} 19. Qf2 {[%emt 0:04:10]} d6 {[%emt 0:08:13]} 20. exd6 {[%emt 0:02:56]} Rxd6 {[%emt 0:00:44]} 21. Qxc5 {[%emt 0:02:49]} Rxd1 {[%emt 0:05:08]} 22. Rxd1 {[%emt 0:00:23]} Re8 {[%emt 0:02:55]} 23. h3 {[%emt 0:04:27]} Rc8 {[%emt 0:03:24]} 24. Qd4 {[%emt 0:02:13]} Qc6 {[%emt 0:02:27]} 25. Rd2 {[%emt 0:01:35]} a5 {[%emt 0:03:24]} 26. Qe5 {[%emt 0:06:47]} Qe8 {[%emt 0:11:10]} 27. Qxe8+ {[%emt 0:04:28]} Rxe8 {[%emt 0:00:01]} 28. Nxb5 {[%emt 0:00:27]} Bc6 {[%emt 0:00:36]} 29. Nd4 {[%emt 0:00:37]} Ba8 {[%emt 0:01:09]} 30. Kf2 {[%emt 0:02:42]} Kf7 {[%emt 0:00:30]} 31. Nb5 {[%emt 0:00:49]} Re7 {[%emt 0:00:56]} 32. Nd6+ {[%emt 0:01:53]} Ke6 {[%emt 0:00:23]} 33. Nc4 {[%emt 0:00:35]} Ra7 {[%emt 0:00:35]} 34. Rd6+ {[%emt 0:01:06]} Ke7 {[%emt 0:00:16]} 35. Rb6 {[%emt 0:01:17]} a4 {[%emt 0:01:41]} 36. Ne5 {[%emt 0:05:21]} axb3 {[%emt 0:00:42]} 37. Rxb3 {[%emt 0:00:08]} Be4 {[%emt 0:00:27]} 38. c4 {[%emt 0:01:16]} Kd6 {[%emt 0:00:18]} 39. Rb5 {[%emt 0:01:43]} Ra2 {[%emt 0:01:01]} 40. c5+ {[%emt 0:00:00]} Kc7 {[%emt 0:00:00]} 41. Kg3 {[%emt 0:05:23]} Bb7 {[%emt 0:05:38]} 42. c6 {[%emt 0:01:32]} Bc8 {[%emt 0:00:35]} 43. h4 {[%emt 0:02:21]} Ra1 {[%emt 0:03:17]} 44. Kh2 {[%emt 0:03:52]} Re1 {[%emt 0:01:26]} 45. Ra5 {[%emt 0:01:26]} Re4 {[%emt 0:00:43]} 46. Ra7+ {[%emt 0:02:06]} Kd6 {[%emt 0:01:11]} 47. Rxh7 {[%emt 0:01:26]} Rxf4 {[%emt 0:00:30]} 48. Nxg6 {[%emt 0:00:10]} Rb4 {[%emt 0:00:57]} 49. c7 {[%emt 0:01:21]} Rxb2 {[%emt 0:00:48]} 50. Ne7 {[%emt 0:01:18]} Kxc7 {[%emt 0:00:05]} 51. Nxc8+ {[%emt 0:00:05]} Kxc8 {[%emt 0:00:03]} 52. Rf7 {[%emt 0:00:18]} Rb4 {[%emt 0:00:47]} 53. Kh3 {[%emt 0:00:30]} Rb5 {[%emt 0:02:23]} 54. h5 {[%emt 0:00:32]} Kd8 {[%emt 0:00:28]} 55. h6 {[%emt 0:00:32]} Rb6 {[%emt 0:00:57]} 56. h7 {[%emt 0:00:24]} Rh6+ {[%emt 0:00:04]} 57. Kg3 {[%emt 0:00:05]} Ke8 {[%emt 0:00:19]} 58. Rg7 {[%emt 0:00:06]} 1-0